| 000 | 01278nam a2200265 4500 | ||
|---|---|---|---|
| 005 | 20240422084602.0 | ||
| 008 | 240119s1928 fr ||||fr|||| 00| f fre d | ||
| 040 |
_aCO-BoUCM _bspa _cSandra Yazo _dSandra Yazo |
||
| 041 | 0 | _afre | |
| 082 | 0 | 4 |
_220 _a843 |
| 092 | _aE53N011 | ||
| 100 | 1 |
_aBenoit, Pierre _d1886-1962 _9149645 |
|
| 242 | 0 | 3 |
_aAxelle. _bNovela. _cPedro Benoit _yspa |
| 245 | 1 | 0 |
_aAxelle. _bRoman. _cPierre Benoit |
| 260 |
_aParís (Francia) _bAlbin Michel ; Établissement Busson _c1928 |
||
| 300 |
_a351 páginas _c18 x 11 cm. |
||
| 500 | _aDetalles físicos: Sin encuadernación original, actualmente encuadernación rígida (holandesa) en cartón forrado en papel; lomo de tela con letras y líneas decorativas en dorado. Guardas. Anteportada. Portada, impresa en una sola tinta, grabado con anagrama con las iniciales (A M) del Editor (Albin Michel). Texto impreso en una sola columna. Sin índice. Papel con oxidación en los bordes. Residuos de rótulos antiguos en lomo. | ||
| 505 | 0 | _aCapítulos I al XX | |
| 506 | _aConsulta en sala | ||
| 546 | _aTexto en francés | ||
| 650 | 7 |
_920506 _aNovela francesa _xSiglos XIX-XX |
|
| 650 | 7 |
_97794 _aLiteratura francesa |
|
| 690 |
_aLiteratura europea _926524 |
||
| 942 |
_2LOCAL _cLIBRO _e1 _hE53N011 |
||
| 999 |
_c324105 _d324105 |
||